000 01791nam a2200385Ia 4500
001 57352
003 CO-BoRNBP
005 20250620151107.0
007 ta
008 141031s2013 ck a g 000 j spa
020 _a9789582401016
040 _aCO-BoRNBP
_bspa
_erda
_cCO-BoRNBP
084 _aC ROD1
100 1 _aRodari, Gianni
_d1920-1980
_91495
245 1 0 _aCuentos para jugar
_cGianni Rodari ; traducción de Carmen Santos ; ilustraciones de Gianni Peg
250 _aPrimera edición
264 1 _aBogotá
_bAlfaguara
_bSantillana
_c2013
300 _a163 páginas
_bilustraciones en blanco y negro
_c20 cm.
336 _atexto
_btxt
_2rdacontent
337 _asin mediación
_bn
_2rdamedia
338 _avolumen
_bnc
_2rdacarrier
490 0 _aLa Biblioteca de los Niños
490 0 _aAlfaguara infantil
504 _aIncluye datos biográficos del autor
505 0 _aEl tamborilero mágico -- Pinocho el astuto -- Aquellos pobres fantasmas -- El perro que no sabía ladrar -- La casa en el desierto -- El flautista y los automóviles -- La vuelta a la ciudad -- Cuando en Milán llovieron sombreros -- Alarma en el nacimiento.
534 _tTante storie per giocare
650 0 0 _aCuentos infantiles italianos.
_ySiglo XX
_2LEMB
_91496
650 0 7 _aMagia
_vCuentos
_2LEMB
_960393
650 0 7 _aAnimales
_vCuentos
_2LEMB
_9745
650 0 7 _aLiteratura infantil italiana
_ySiglo XX
_2LEMB
_9981
700 1 _aSantos, Carmen
_etraductora
_960394
700 1 _aPeg, Gianni
_eilustrador
_960395
740 0 _aEl tamborilero mágico \ Pinocho el astuto \ Aquellos pobres fantasmas \ El perro que no sabía ladrar \ La casa en el desierto \ El flautista y los automóviles \ La vuelta a la ciudad \ Cuando en Milán llovieron sombreros \ Alarma en el nacimiento
942 _2loc
_cBKINF
999 _c57352
_d57352